000 01046cam a22002771 4500
999 _c9778
_d9778
001 9778
003 BD-JhCC
005 20180403193803.0
008 180329s1963 nyuabc bd 000 0 eng
035 _a(BD-JhCC)9778
040 _aDLC
_cDLC
_dDLC
_dBD-JhCC
041 _aeng
050 0 0 _aQ123
_b.H26
082 0 0 _a503
_bHAR 1963
245 0 4 _aThe Harper encyclopedia of science /
_cEdited by James R. Newman. Managing editor: Jerome Wyckoff. Associate editors: Roger G. Menges [and] Edmund H. Harvey, Jr. Board of editorial consultants: John Tyler Bonner [and others.
250 _a1st ed.]
260 _aNew York :
_bHarper & Row,
_c1963.
300 _a4 v. (ix, 1379 p.)
_billus. (part col.) ports., maps (part col.)
_c29 cm.
500 _aPublished in 1965 under title: The International encyclopedia of science.
504 _aBibliography: p. 1282-1297.
650 0 _aScience
_xDictionaries.
650 0 _aTechnology
_xDictionaries.
700 1 _aNewman, James R.
_q(James Roy),
_d1907-1966,
942 _2ddc
_cREF